Univerzálna robotická platforma pre stolové hry s figúrkami
Uložené v:
| Hlavný autor: | |
|---|---|
| Ďalší autori: | |
| Médium: | Rukopis Kniha |
| Jazyk: | Slovak |
| Vydavateľské údaje: |
2023
|
| Predmet: | |
| On-line prístup: | http://is.stuba.sk/zp/portal_zp.pl?podrobnosti=177830 |
| Tagy: |
Žiadne tagy, Buďte prvý, kto otaguje tento záznam!
|
MARC
| LEADER | 00000ntm a22000003a 4500 | ||
|---|---|---|---|
| 001 | stuzp94719 | ||
| 003 | SK-STU | ||
| 005 | 20230909223000.2 | ||
| 007 | ta | ||
| 008 | 150427s2015----xo-----f-mn---000-0-slo-d | ||
| 040 | |a STU |b slo | ||
| 041 | 0 | |a slo | |
| 100 | 1 | |a Tóth, Tomáš |u 020020 |4 aut |U SjF Strojnícka fakulta |T SjF Ústav automatizácie, merania a aplikovanej informatiky |X 110728 |U J0020 |Y 802 |7 110728 | |
| 242 | 0 | 1 | |a Universal robotic platfor for board games with miniatures |y eng |
| 245 | 1 | 0 | |a Univerzálna robotická platforma pre stolové hry s figúrkami |
| 260 | |c 2023 | ||
| 650 | 4 | |a kamera |2 slo | |
| 650 | 4 | |a Raspberry Pi |2 slo | |
| 650 | 4 | |a robot |2 slo | |
| 650 | 4 | |a snímanie polohy |2 slo | |
| 650 | 4 | |a Raspberry Pi |2 eng | |
| 650 | 4 | |a robot |2 eng | |
| 650 | 4 | |a position sensing |2 eng | |
| 650 | 4 | |a camera |2 eng | |
| 700 | 1 | |a Habara, Marek |u 020020 |k Z3 |4 ths |U SjF Strojnícka fakulta |T SjF Ústav automatizácie, merania a aplikovanej informatiky |X 87297 |U J0020 |Y 802 |7 87297 | |
| 856 | 4 | |u http://is.stuba.sk/zp/portal_zp.pl?podrobnosti=177830 | |